| 000 | 00316nam a2200121Ia 4500 | ||
|---|---|---|---|
| 008 | 230907s9999||||xx |||||||||||||| ||und|| | ||
| 082 |
_a548.83 _bCLE |
||
| 100 |
_aClegg, William _9115399 |
||
| 245 | 0 | _aX-ray crystallography / | |
| 260 |
_aOxford University Press, _bOxford : _c2015 |
||
| 300 | _a114 p. | ||
| 942 | _cBK | ||
| 999 |
_c598319 _d598319 |
||